Vista normal Vista MARC

Entrada Topical Term

Número de registros utilizados en: 1

001 - CONTROL NUMBER

  • control field: 20911

003 - CONTROL NUMBER IDENTIFIER

  • control field: OSt

005 - DATE AND TIME OF LATEST TRANSACTION

  • control field: 20210920194917.0

008 - FIXED-LENGTH DATA ELEMENTS

  • fixed length control field: 860211i| anannbabn |a ana

040 ## - CATALOGING SOURCE

  • Original cataloging agency: Icfes-la

042 ## - AUTHENTICATION CODE

  • Authentication code: la

083 ## - DEWEY DECIMAL CLASSIFICATION NUMBER

  • Classification number element-single number or beginning number of span: 336

083 ## - DEWEY DECIMAL CLASSIFICATION NUMBER

  • Classification number element-single number or beginning number of span: 343

150 ## - HEADING--TOPICAL TERM

  • Topical term or geographic name entry element: Emprestitos

550 ## - SEE ALSO FROM TRACING--TOPICAL TERM

  • Control subfield: g
  • Topical term or geographic name entry element: Deuda publica

550 ## - SEE ALSO FROM TRACING--TOPICAL TERM

  • Control subfield: g
  • Topical term or geographic name entry element: Prestamos

550 ## - SEE ALSO FROM TRACING--TOPICAL TERM

  • Control subfield: g
  • Topical term or geographic name entry element: Transferencias monetarias

550 ## - SEE ALSO FROM TRACING--TOPICAL TERM

  • Control subfield: h
  • Topical term or geographic name entry element: Deuda publica

550 ## - SEE ALSO FROM TRACING--TOPICAL TERM

  • Control subfield: h
  • Topical term or geographic name entry element: Emprestitos internacionales

550 ## - SEE ALSO FROM TRACING--TOPICAL TERM

  • Control subfield: h
  • Topical term or geographic name entry element: Prestamos

550 ## - SEE ALSO FROM TRACING--TOPICAL TERM

  • Control subfield: h
  • Topical term or geographic name entry element: Transferencias monetarias

670 ## - SOURCE DATA FOUND

  • Source citation: LEMB